[Event "St Petersburg Korchnoi Memorial op"]
[Site "St Petersburg"]
[Date "2023.08.24"]
[Round "9"]
[White "Krukouski, Serafim"]
[Black "Babarykin, Aleksandr"]
[Result "1-0"]
[WhiteElo "1677"]
[BlackElo "1288"]
[PlyCount "51"]
[EventDate "2023.08.18"]
[EventType "swiss"]
[EventRounds "9"]
[EventCountry "RUS"]
[SourceTitle "EXT 2024"]
[Source "ChessBase"]
[SourceDate "2023.10.10"]
[SourceVersion "1"]
[SourceVersionDate "2023.10.10"]
[SourceQuality "1"]

1. e4 c6 2. d4 d5 3. e5 Bf5 4. Nc3 e6 5. g4 Bg6 6. Nge2 c5 7. h4 cxd4 8. Nxd4 h5 9. Bb5+ Nd7 10. gxh5 Bxh5 11. Qd3 a6 12. Bxd7+ Qxd7 13. Bd2 Ne7 14. Qg3 Nc6 15. Nxc6 bxc6 16. f3 g6 17. 0-0-0 Be7 18. Bg5 0-0 19. Ne4 Bxf3 20. Nf6+ Bxf6 21. Bxf6 Bh5 22. Qf4 Kh7 23. Rdg1 Rab8 24. Rg5 Qb7 25. b3 a5 26. Rxh5+ 1-0

[Event "St Petersburg Korchnoi Memorial op"]
[Site "St Petersburg"]
[Date "2023.08.23"]
[Round "8"]
[White "Babarykin, Aleksandr"]
[Black "Troshichev, Yaroslav"]
[Result "1/2-1/2"]
[WhiteElo "1288"]
[BlackElo "1640"]
[PlyCount "79"]
[EventDate "2023.08.18"]
[EventType "swiss"]
[EventRounds "9"]
[EventCountry "RUS"]
[SourceTitle "EXT 2024"]
[Source "ChessBase"]
[SourceDate "2023.10.10"]
[SourceVersion "1"]
[SourceVersionDate "2023.10.10"]
[SourceQuality "1"]

1. d4 Nf6 2. c4 c5 3. d5 b5 4. cxb5 a6 5. bxa6 g6 6. Nc3 Bg7 7. e4 0-0 8. Nf3 Qa5 9. Bd2 Bxa6 10. Bxa6 Qxa6 11. Qe2 Qxe2+ 12. Kxe2 d6 13. a4 Na6 14. Rhb1 Rfb8 15. Ne1 Nd7 16. Ra3 Nb6 17. b3 Nb4 18. Nb5 N6xd5 19. exd5 Rxb5 20. Bxb4 cxb4 21. Ra2 Rxd5 22. Nd3 Bc3 23. Rc2 Raa5 24. Nb2 Re5+ 25. Kf1 d5 26. Rd1 Re6 27. Nd3 f6 28. Nf4 Re4 29. Ne2 d4 30. f3 Re6 31. Nxc3 dxc3 32. Rd8+ Kf7 33. Rb8 Rd5 34. Rxb4 Rd2 35. Rxc3 Rd1+ 36. Kf2 Rd2+ 37. Kf1 Rd1+ 38. Kf2 Rd2+ 39. Kf1 Rd1+ 40. Kf2 1/2-1/2

[Event "St Petersburg Korchnoi Memorial op"]
[Site "St Petersburg"]
[Date "2023.08.21"]
[Round "6"]
[White "Babarykin, Aleksandr"]
[Black "Klobukov, Sergey"]
[Result "1/2-1/2"]
[WhiteElo "1288"]
[BlackElo "1536"]
[PlyCount "89"]
[EventDate "2023.08.18"]
[EventType "swiss"]
[EventRounds "9"]
[EventCountry "RUS"]
[SourceTitle "EXT 2024"]
[Source "ChessBase"]
[SourceDate "2023.10.10"]
[SourceVersion "1"]
[SourceVersionDate "2023.10.10"]
[SourceQuality "1"]

1. d4 Nf6 2. c4 e6 3. Nf3 b6 4. g3 Bb7 5. Bg2 Be7 6. 0-0 0-0 7. Nc3 Ne4 8. Nxe4 Bxe4 9. Bf4 d6 10. Nd2 Bxg2 11. Kxg2 Bf6 12. Nf3 Nd7 13. e4 e5 14. dxe5 Bxe5 15. Nxe5 dxe5 16. Be3 Qe7 17. Qc2 Rfd8 18. Rad1 Nf8 19. Rxd8 Rxd8 20. Rd1 Rxd1 21. Qxd1 c5 22. Qd5 Qe6 23. b3 f6 24. Kf1 Kf7 25. Ke2 Ke7 26. Qb7+ Qd7 27. Qd5 Ne6 28. Qxd7+ Kxd7 29. Kd3 a5 30. f4 g5 31. fxe5 fxe5 32. Ke2 g4 33. Kf2 Kc6 34. a4 Nd4 35. Bg5 Nxb3 36. Ke3 Nd4 37. Bf6 Nf3 38. h3 h5 39. hxg4 hxg4 40. Bg7 Kc7 41. Bf6 Kd7 42. Kd3 Kd6 43. Bd8 Kc6 44. Bf6 Kd7 45. Ke3 1/2-1/2